Most soldiers per square kilometre Quiz Stats

 Plays Quiz not verified by Sporcle

Challenge
Share
Tweet
Embed
Score 0/25 Timer 06:00
0 Plays Today
Continent Country % Correct
AsiaNorth Korea
90.6%
AsiaSouth Korea
82.2%
AsiaIsrael
77.6%
AsiaTaiwan
66.8%
AsiaSingapore
66.4%
AsiaLebanon
66.4%
AsiaSyria
66.1%
AsiaJordan
64.3%
AsiaVietnam
62.9%
AsiaQatar
52.8%
EuropeNetherlands
51.7%
AsiaBrunei
51.4%
EuropeCyprus
50.3%
Continent Country % Correct
AsiaBahrain
50%
AsiaSri Lanka
49.7%
EuropeBelgium
48.3%
AsiaBangladesh
46.9%
EuropeGreece
46.5%
EuropeMalta
46.2%
AsiaArmenia
44.8%
AsiaAzerbaijan
43.4%
AfricaRwanda
41.3%
AfricaBurundi
31.8%
AfricaEritrea
30.4%
North AmericaBarbados
23.8%

You're not logged in!

Compare scores with friends on all Sporcle quizzes.
Join for Free
OR
Log In

You Might Also Like...

Show Comments

Extras

Top Quizzes Today


Score Distribution

Your Account Isn't Verified!

In order to create a playlist on Sporcle, you need to verify the email address you used during registration. Go to your Sporcle Settings to finish the process.

Report this User

Report this user for behavior that violates our Community Guidelines.

Details: